000 00626nam a2200229Ia 4500
003 OSt
005 20220928113722.0
006 a|||||r|||| 00| 0
007 ta
008 220927b |||||||| |||| 00| 0 eng d
024 _a58068
037 _cTextual
040 _aSDCL
_cSDCL
_beng
041 _2eng
_aeng
082 _aV63,94'N9, N6
100 _aSeegers Annette
_9434700
245 0 _aMilitary in the making of modern South Africa
260 _aLondon
_bI B Tauris Publishers
_c1996
300 _avii,356p
_ccm.
942 _hV63,94'N9, N6
_cTEXL
_2CC
999 _c750991
_d750991